00878 a2200397 4500000002100000001000700021005001700028008004100045010000500086020000500091082001800096100002300114110000500137245014100142250001200283260003200295300001000327490000700337500000500344600000500349610000500354611000500359630000500364650000500369651000500374654000500379700003100384700002200415710000900437711000500446720000500451730000500456740000500461752000500466856000900471BKB 07078820200902150901.0  a a a006.312bB64G1 aBorgelt, Christian a1 aGraphical models: representations for learning, reasoning and data miningcby Christian Borgelt, Matthias Steinbrecher, and Rudolf kruse a2nd ed. aUKbJohn Wiley & Sonsc2009 a393p. av a a a a a a a a aSteinbrecher, Matthiasbc akruse, Rudolfbc abc a a a a a adf